El grado cero de la escritura

Tallennettuna:
Bibliografiset tiedot
Päätekijä: Barthes, Roland (Tekijä)
Aineistotyyppi: Kirja
Kieli:espanja
Julkaistu: Buenos Aires Jorge Alvarez 1967
Aiheet:
Tagit: Lisää tagi
Ei tageja, Lisää ensimmäinen tagi!

MARC

LEADER 00000nam a2200000 a 4500
001 UCJ9900
003 CL-VaPUC
008 070413e19670000AG |||||||||||||||||spa|d
082 0 4 |a 844  |b BAR  |2 21 
100 |a Barthes, Roland  |e author  |9 265510 
245 1 3 |a El grado cero de la escritura 
300 |a 76 p 
942 |c BK 
945 |d 20070413 00:00:00  |a jtorresc 
260 |a Buenos Aires  |b Jorge Alvarez  |c 1967 
500 |a Donación del Dr. Luis Gómez Macker 
650 0 |a Ensayos franceses  |9 265511 
650 0 |a Literatura francesa  |9 266330 
583 |a last modification  |c 20070413 00:00:00  |k Rodrigo Vera 
999 |c 325243  |d 325241 
952 |0 0  |1 0  |4 0  |6 844_000000000000000_BAR_1967  |7 0  |8 A  |9 405878  |a FDOPOS  |b FDOPOS  |d 2019-11-22  |i 4273621  |o 844 BAR 1967  |p 4273621  |r 2025-01-22  |w 2019-11-22  |y BK  |k MLA